Maitrisez-vous les fuseaux horaires ? Difficile 1 - Statistiques

Statistiques générales
  • Ce quiz a été pris 12 fois
  • Le résultat moyen est 6 sur 20
Statistiques - réponses
Hint Réponse % Correct
Andorre-la-Vieille Minuit
80%
La Valette Minuit
70%
Pristina Minuit
50%
Roseau 18 heures
40%
Gaborone Minuit
40%
Managua 16 heures
30%
Victoria 2 heures
30%
Maseru Minuit
30%
Lilongwe Minuit
30%
Belmopan 16 heures
20%
San Salvador 16 heures
20%
San José 16 heures
20%
Kingston 17 heures
20%
Basseterre 18 heures
20%
Palikir 9 heures
20%
Funafuti 10 heures
10%
Wellington 10 heures
10%
Nuku'alofa 11 heures
10%
Melekoek 7 heures
10%
Tarawa 10 heures
0%
Aucun quiz correspondant
Distribution des résultats
% des personnes avec chaque résultat
Percentile par nombre de réponses
Votre historique - résultats
Vous n’avez pas pris ce quiz